000 00474nam a2200181Ia 4500
001 17646
005 20260306171532.0
008 260306s9999||||xx |||||||||||||| ||und||
041 _aESP
082 _a658.11
_bP87
100 _aProInversión
_eAUT
245 0 _aMYPEqueña empresa crece:
_bguía para el desarrollo de la micro y pequeña empresa
260 _c2006
300 _a244 páginas :
_c27 cm.
650 _aGEN
654 _aCAN
942 _cLIB
_dJUS
_fJUS
_2ddc
_n
999 _c17646
_d17646